| 000 | 00633nam a22002177a 4500 | ||
|---|---|---|---|
| 003 | OSt | ||
| 005 | 20220107122834.0 | ||
| 008 | 170928b xxu||||| |||| 00| 0 eng d | ||
| 020 | _a9789352135233 | ||
| 040 | _cIIITMK | ||
| 082 | _a005.8 BRO/D | ||
| 100 |
_aBrotherston, Lee _913100 |
||
| 245 |
_aDefensive security handbook: _bBest practices for securing infrastructure |
||
| 260 |
_aMumbai, _bOreilly/ Shroff Publishers, _c2017. |
||
| 300 | _axx, 261p. | ||
| 650 |
_aCOMPUTER SCIENCE _913101 |
||
| 650 |
_aNETWORK SECURITY _913102 |
||
| 651 |
_aINFORMATION SECURITY _913103 |
||
| 700 |
_aBerlin, Amanda _913104 |
||
| 942 |
_2ddc _cBK |
||
| 999 |
_c5875 _d5875 |
||